000 01780nam a2200241Ia 4500
008 260220t1968||||xx |||||||||||||| ||spa||
040 _aPY-SlUNAC
_bspa
_erda
041 _aspa
082 _a575.1
_bM784h
100 _aMoore, John A.
_eAutor
245 0 _aHerencia y desarrollo embrionario /
_cpor John A. Moore [Autor]
264 _aCiudad de México :
_bAID,
_c℗1968.
300 _a1 volumen
520 _aEn "Herencia y desarrollo embrionario", John A. Moore explora la interrelación entre la genética y el desarrollo de los organismos, enfocándose en cómo los factores hereditarios influyen en las etapas iniciales de la vida. A través de un análisis detallado, el autor examina conceptos clave como la herencia mendeliana, la regulación genética y la expresión de los genes durante el desarrollo embrionario. Moore presenta una síntesis de estudios contemporáneos y teorías fundamentales, abordando temas como la determinación del sexo, la influencia del ambiente en la genética y las implicaciones de los estudios en modelos animales. El texto no solo proporciona una base teórica sólida, sino que también resalta la importancia de la investigación en biología del desarrollo para entender los procesos evolutivos y las anomalías congénitas. En este contexto, el libro se convierte en una referencia esencial para estudiantes y profesionales interesados en la biología, la genética y la medicina, ofreciendo una perspectiva integradora sobre la herencia y su impacto en el desarrollo.
653 _aBiología
653 _aDesarrollo embrionario
653 _aHerencia
942 _b2026/02/17
_cBK
999 _c8183
_d8183